| 000 | 01011cam a2200325 4500 | ||
|---|---|---|---|
| 001 | 3622936 | ||
| 003 | PILC | ||
| 005 | 20160112123453.0 | ||
| 008 | 740424s1974 nyua j 000 1 eng | ||
| 010 | _a 74008350 | ||
| 020 | _a9780590427920 | ||
| 040 |
_aDLC _cDLC _dDLC _dOCoLC |
||
| 042 | _alcac | ||
| 043 | _an-us--- | ||
| 050 | 0 | 0 |
_aPZ 7 _b.C678 1974 |
| 082 | 0 | 0 |
_aFIC _bC69m 1974 |
| 100 | 1 |
_aCollier, James Lincoln, _d1928- _920708 |
|
| 245 | 1 | 0 |
_aMy brother sam is dead _cJames Lincoln Collier and Christopher Collier. |
| 260 |
_aNew York : _bScholastic Inc., _cc1974. |
||
| 300 |
_a216 p. : _bill. ; _c17 cm. |
||
| 562 | _e1 | ||
| 650 |
_aUnited States _xHistory _920709 |
||
| 651 | 0 |
_aUnited States _xHistory _yRevolution, 1775-1783 _xJuvenile fiction. _920710 |
|
| 655 | 7 |
_aHistorical fiction. _2gsafd _92926 |
|
| 700 | 1 |
_aCollier, Christopher, _d1930- _ejoint author. _920711 |
|
| 906 |
_a7 _bcbc _corignew _d1 _eocip _f19 _gy-gencatlg |
||
| 942 |
_cBK _2lcc |
||
| 999 |
_c11598 _d11598 |
||